Zdravotné zúčtovanie: stres alebo odklad

Problematické zavedenie ročného zúčtovania zdravotných odvodov. Odsúvanie termínu zavedenia tohto zúčtovania. Nejasnosti okolo zavedenia ročného zúčtovania. Ďalšia byrokratická povinnosť? Názory zdravotných poisťovní. Čo by malo priniesť a čo prinesie ročné zúčtovanie. Posunie parlament účinnosť roč...

Description complète

Enregistré dans:
Détails bibliographiques
Auteur principal: Horníková, Zuzana
Autres auteurs: Jaroš, Martin
Format: Chapitre de livre
Langue:slovaque
Sujets:
Tags: Ajouter un tag
Pas de tags, Soyez le premier à ajouter un tag!

MARC

LEADER 00000naa$a2200000$$$4500
001 0041168
005 20231009083127.2
041 0 |a slo 
044 |a SK 
245 1 0 |a Zdravotné zúčtovanie: stres alebo odklad  |c Zuzana Horníková, Martin Jaroš 
520 |a Problematické zavedenie ročného zúčtovania zdravotných odvodov. Odsúvanie termínu zavedenia tohto zúčtovania. Nejasnosti okolo zavedenia ročného zúčtovania. Ďalšia byrokratická povinnosť? Názory zdravotných poisťovní. Čo by malo priniesť a čo prinesie ročné zúčtovanie. Posunie parlament účinnosť ročného zúčtovania zdravotných odvodov? 
610 2 0 |a zúčtovanie 
610 2 0 |a odvody 
610 2 0 |a zdravotníctvo 
610 2 0 |a poisťovne zdravotné 
610 2 0 |a poistenie zdravotné 
100 1 |a Horníková, Zuzana 
700 1 |a Jaroš, Martin